Score 0/20 Timer 03:00
1 Play Today
Song Name Missing Word % Correct
Sexy and I Know _____It
97.2%
Somebody That I _____ to KnowUsed
96.6%
_____ Me MaybeCall
96.5%
We Are _____ Ever Getting Back TogetherNever
95.2%
Stronger (What Doesn't _____ You)Kill
94.1%
Set _____ to the RainFire
89.5%
What _____ You BeautifulMakes
87.7%
Glad You _____Came
83.9%
I _____ Give UpWon't
81.8%
Young, Wild & _____Free
80.8%
Song Name Missing Word % Correct
Give Your _____ a BreakHeart
76.9%
We Are _____Young
76.5%
We _____ LoveFound
66.8%
_____ OnesWild
53.6%
Wide _____Awake
51.7%
_____ ByDrive
49.6%
_____ FeelingGood
47.6%
It Will _____Rain
39.6%
Everybody _____Talks
39%
_____ CareTake
31.6%

Today's Daily Dose

Remove Ads.
Support Sporcle.
Get the best of Sporcle when you Go Orange. This ad-free experience offers more features, more stats, and more fun while also helping to support Sporcle. Thank you for becoming a member.

You're not logged in!

Compare scores with friends on all Sporcle quizzes.
OR
Log In

Show Comments

Extras

Top Quizzes Today


Score Distribution

Your Account Isn't Verified!

In order to create a playlist on Sporcle, you need to verify the email address you used during registration. Go to your Sporcle Settings to finish the process.

Report this User

Report this user for behavior that violates our Community Guidelines.

Details: